000
00238nam a2200097Ia 4500
001
709355
005
20250826162545.0
008
250824s9999 xx 000 0 und d
245
0
_a
CAFFAR USTA
_c
KERİM AYDIN ERDEM
260
_b
MARTI YAYINLARI
999
_c
709355
_d
709355